000 00676nam a22001937a 4500
005 20170525134948.0
008 170525b mx ||||| |||| 00| 0 spa d
020 _a9789708191074
050 0 4 _aLB2341
_bF54 2008
245 0 0 _aFlexibilidad y organización universitaria
_c/René Pedroza Flores... [et. al]
250 _a1a ed.
260 _aMéxico :
_bMiguel Ángel Porrúa,
_c2008
260 _bUniversidad Autónoma del Estado de México,
300 _a212 p. ;
_c21 cm.
650 7 _2lemb
_aAdministración universitaria
_xEstudio y enseñanza
700 1 _aPedroza Flores, René,
_eautor
710 2 _aUniversidad Autónoma del Estado de México
942 _2lcc
_cLIB
999 _c133511
_d133511